00474nam a22001097a 4500008004100000020001500041050002500056245019800081260004700279300002000326800001800346140820b xxu||||| |||| 00| 0 eng d a0406095035 aKD276.3.L39(1945-46) aThe Law Reports(1945-46) Chancery division: of the incorporated council of law reporting, chancery division and cases in lunacy and on appeal in the court of appeal. /cedited by Sutton, Ralph. aLondon:bButterworth & Co Ltd,c1945-1946. av,345p.:c24cm. aSutton, Ralph